| 000 | 00578nam a22001937a 4500 | ||
|---|---|---|---|
| 005 | 20130508111535.0 | ||
| 010 | _aENG-107000 | ||
| 020 |
_a9788170006503 _c1800.00 |
||
| 035 | _aEN-90533 | ||
| 037 | _bDBAD/PUB | ||
| 082 | _a025.042 | ||
| 100 | _a Gurdev Singh | ||
| 245 |
_aDigital libraries and digitization / _cby Gurdev Singh |
||
| 260 |
_aNew Delhi _bESS ESS Publications _c2011 |
||
| 270 |
_a4837/24, Ansari Road, Daryaganj _bNew Delhi _e110002 |
||
| 300 |
_axii,666p.: _c24cm(Hb) _bill. |
||
| 500 | _aIncludes index | ||
| 942 |
_2ddc _cEN _h025.042 _mGUR |
||
| 999 |
_c75181 _d75181 |
||